00233nam a2200085Ia 450000500170000000800410001724500620005826000100012099900170013020250523155752.0250523s9999 xx 000 0 und d 0aAkıllı Pireler Gökkuş Diz cGülten Dayıoğlu bALTIN c12125d12125